000 00782nam a2200229Ii 4500
003 JO-AjNU
008 230605s9999||||xx |||||||||||||| ||und||
017 _a2000/11/3123
020 _a9957-09-061-5
040 _aJO-AjNU
_bara
_erda
_cJO-AjNU
041 _aara
050 1 4 _aN7103 .K3982 2001
100 3 _aطاهر،كاظم شمهود تأليف,
_eauthor
_97627
245 0 0 _aالأندلس و الفن الإسلامي
250 _aط4
264 3 1 _aعمان:أزمنة للنشر والتوزيع،2001
300 _a95ص
336 _atext
_btxt
_2rdacontent
337 _aunmediated
_bn
_2rdamedia
338 _avolume
_bnc
_2rdacarrier
650 4 _aفن اسلامي-زخرفة اسلامية-عمارة اسلامية - الاندلس-اندلس - تاريخ
_97628
999 _aA376
_c3944
_d3944